La poesía en los Siglos de Oro: Barroco

Salvato in:
Dettagli Bibliografici
Autore principale: Checa Cremades, Jorge
Natura: Sconosciuto
Lingua:inglese
Pubblicazione: Madrid, España Playor 1989
Edizione:Segunda edición
Serie:Lectura Crítica de la Literatura Española;
Soggetti:
Tags: Aggiungi Tag
Nessun Tag, puoi essere il primo ad aggiungerne!!

MARC

LEADER 00000 a2200000 4500
003 CL-VaPUC
005 20210730120431.0
008 210616b ||||| |||| 00| 0 eng d
999 |c 433136  |d 433134 
020 |a 84-359-0315-X 
040 |c Pontificia Universidad Católica de Valparaíso 
082 |a 861.3 CHE 1989 
100 |a Checa Cremades, Jorge   |9 861438 
245 |a La poesía en los Siglos de Oro: Barroco 
250 |a Segunda edición  
260 |a Madrid, España  |b Playor  |c 1989 
300 |a 149 páginas  
440 |a Lectura Crítica de la Literatura Española;   |9 861439  |n 6 
583 |k Cristina Rojas  |c 20210617 
650 |a Poesía española  |x Barroco  |y 1580-1645  |9 861713 
942 |2 ddc  |c BK 
952 |0 0  |1 0  |2 ddc  |4 0  |6 861_300000000000000_CHE_1989  |7 0  |8 A  |9 578189  |a BIBEDU  |b BIBEDU  |d 2021-06-16  |e 3  |g 0.00  |i 5584779  |o 861.3 CHE 1989  |p 5584779  |r 2021-06-16  |t 1  |v 0.00  |w 2021-06-16  |y BK  |k LIT